[Event "SK Königsspringer Iserlohn 1 - SK Sodi"]
[Site "NRW-Klasse - Gruppe 2 2018/20"]
[Date "2018.12.09"]
[Round "4.4"]
[White "Klauke, Stefan"]
[Black "Hille, Ralph Ingo"]
[Result "1-0"]
[WhiteElo "2119"]
[BlackElo "2066"]
[PlyCount "52"]
[EventDate "2018.??.??"]
[WhiteTeam "SK Königsspringer Iserlohn 1"]
[BlackTeam "SK Sodingen/Castrop 1"]

1. e4 Nc6 2. Nf3 d6 3. Bb5 Bg4 4. c3 a6 5. Bxc6+ bxc6 6. h3 Bxf3 7. Qxf3 e5 8.
d4 f6 9. O-O g6 10. Nd2 Bg7 11. Nc4 Ne7 12. dxe5 fxe5 13. Bg5 Qd7 14. Rad1 Qe6
15. b3 Qf7 16. Qg4 h6 17. f4 hxg5 18. fxe5 Rh4 19. Qxg5 Rh5 20. Qg4 Nf5 21.
exd6 O-O-O 22. dxc7 Qxc7 23. exf5 Rxd1 24. Rxd1 Rxf5 25. Nd6+ Kb8 26. Nxf5 gxf5
1-0

[Event "SK Königsspringer Iserlohn 1 - SK Sodi"]
[Site "NRW-Klasse - Gruppe 2 2018/20"]
[Date "2018.12.09"]
[Round "4.5"]
[White "Mueller, Frank"]
[Black "Kind, Bertram"]
[Result "0-1"]
[WhiteElo "1992"]
[BlackElo "2129"]
[PlyCount "118"]
[EventDate "2018.??.??"]
[WhiteTeam "SK Sodingen/Castrop 1"]
[BlackTeam "SK Königsspringer Iserlohn 1"]

1. e4 c5 2. Nc3 e6 3. Nge2 d5 4. exd5 exd5 5. d4 Nf6 6. g3 Nc6 7. Bg2 cxd4 8.
Nxd4 Bg4 9. Qd3 Be7 10. Be3 O-O 11. h3 Bh5 12. O-O Bg6 13. Qd2 Ne5 14. b3 Rc8
15. f4 Bb4 16. Nde2 Ned7 17. f5 Bh5 18. g4 Bxg4 19. hxg4 Nxg4 20. Bd4 Ndf6 21.
Qg5 Qc7 22. Rf4 h6 23. Qh4 h5 24. Qg5 Bc5 25. Rd1 Qe5 26. Bh3 Bxd4+ 27. Rdxd4
Qe3+ 28. Kg2 Rxc3 29. Nxc3 Qxc3 30. Bxg4 hxg4 31. Qh4 Re8 32. Qf2 Qh3+ 33. Kg1
Re3 34. Rd3 Rxd3 35. cxd3 Qxd3 36. Rd4 Qc3 37. Qf4 Qa1+ 38. Kg2 Qxa2+ 39. Rd2
Qxb3 40. Qb8+ Kh7 41. Qh2+ Qh3+ 42. Qxh3+ gxh3+ 43. Kxh3 Kh6 44. Kh4 g6 45.
fxg6 Kxg6 46. Ra2 a6 47. Rb2 b5 48. Ra2 Kf5 49. Rxa6 Ne4 50. Rb6 Nc3 51. Kg3
Ke4 52. Rf6 d4 53. Rxf7 d3 54. Re7+ Kd4 55. Kf3 b4 56. Rd7+ Nd5 57. Rd8 b3 58.
Rb8 Kc3 59. Rc8+ Kd2 0-1

[Event "SK Königsspringer Iserlohn 1 - SK Sodi"]
[Site "NRW-Klasse - Gruppe 2 2018/20"]
[Date "2018.12.09"]
[Round "4.6"]
[White "Messarius, Juergen"]
[Black "Rohovoy, Dmitrij"]
[Result "1-0"]
[WhiteElo "2119"]
[BlackElo "1938"]
[PlyCount "33"]
[EventDate "2018.??.??"]
[WhiteTeam "SK Königsspringer Iserlohn 1"]
[BlackTeam "SK Sodingen/Castrop 1"]

1. e4 c5 2. Nf3 Nc6 3. d4 cxd4 4. Nxd4 d6 5. g3 Nf6 6. Nc3 g6 7. Bg2 Bg7 8.
Nxc6 bxc6 9. e5 Nd5 10. Nxd5 cxd5 11. Qxd5 Rb8 12. exd6 O-O 13. O-O Be6 14. Qg5
Bf6 15. Qe3 Bxb2 16. Bxb2 Rxb2 17. Qa3 1-0

[Event "SK Königsspringer Iserlohn 1 - SK Sodi"]
[Site "NRW-Klasse - Gruppe 2 2018/20"]
[Date "2018.12.09"]
[Round "4.7"]
[White "Ribbeheger, Edgar"]
[Black "Franz, Christian"]
[Result "1-0"]
[WhiteElo "2006"]
[BlackElo "2046"]
[PlyCount "93"]
[EventDate "2018.??.??"]
[WhiteTeam "SK Sodingen/Castrop 1"]
[BlackTeam "SK Königsspringer Iserlohn 1"]

1. c4 Nf6 2. Nc3 g6 3. g3 Bg7 4. Bg2 O-O 5. Nf3 d6 6. O-O e5 7. d3 Nc6 8. Rb1
Rb8 9. Bg5 h6 10. Bxf6 Bxf6 11. b4 a6 12. a4 Ne7 13. b5 axb5 14. axb5 Be6 15.
Nd2 Bg7 16. Nd5 f5 17. Qa4 Bxd5 18. cxd5 b6 19. Rfc1 Qd7 20. Qc4 Rb7 21. Ra1 g5
22. Ra4 h5 23. Rc2 Bf6 24. Rca2 Kg7 25. Ra8 Rfb8 26. Rxb8 Rxb8 27. Ra7 Rc8 28.
Nb1 h4 29. gxh4 g4 30. Nc3 Bxh4 31. Na4 Qd8 32. h3 f4 33. hxg4 Kf6 34. Bh3 Bg5
35. Nc3 Qh8 36. Ne4+ Kg6 37. Bg2 Qh4 38. Bf3 Qh3 39. Qa2 Bh4 40. Ra8 Bg3 41.
fxg3 fxg3 42. Rxc8 g2 43. Bxg2 Qe3+ 44. Nf2 Kg5 45. Rf8 Ng6 46. Rf5+ Kh6 47.
Qa8 1-0

[Event "SK Königsspringer Iserlohn 1 - SK Sodi"]
[Site "NRW-Klasse - Gruppe 2 2018/20"]
[Date "2018.12.09"]
[Round "4.8"]
[White "Marchenko, Dimitrij"]
[Black "Zwielich, Frank"]
[Result "1/2-1/2"]
[WhiteElo "1804"]
[BlackElo "1920"]
[PlyCount "40"]
[EventDate "2018.??.??"]
[WhiteTeam "SK Königsspringer Iserlohn 1"]
[BlackTeam "SK Sodingen/Castrop 1"]

1. e4 c5 2. Nc3 Nc6 3. g3 g6 4. Bg2 Bg7 5. f4 d6 6. Nf3 e6 7. O-O Nge7 8. d3
O-O 9. Be3 Nd4 10. a4 Bd7 11. e5 Nef5 12. Bf2 Bc6 13. Ne4 Qc7 14. Nxd4 cxd4 15.
g4 Ne3 16. Bxe3 dxe3 17. Nxd6 Bxg2 18. Kxg2 f6 19. d4 g5 20. Nb5 Qc6+ 1/2-1/2

[Event "Gütersloher SV 1 - Kölner SK Dr. Lask"]
[Site "NRW-Klasse - Gruppe 2 2018/20"]
[Date "2018.12.09"]
[Round "4.1"]
[White "Paris, Michael"]
[Black "Plaßmann, Dominik"]
[Result "1/2-1/2"]
[WhiteElo "2129"]
[BlackElo "2153"]
[PlyCount "56"]
[EventDate "2018.??.??"]
[WhiteTeam "Kölner SK Dr. Lasker 1"]
[BlackTeam "Gütersloher SV 1"]

1. Nf3 f5 2. d3 d6 3. e4 e5 4. Nc3 Nf6 5. exf5 Bxf5 6. d4 e4 7. Nh4 Bg4 8. Be2
Bxe2 9. Qxe2 d5 10. Bg5 Bb4 11. Qb5+ Nc6 12. Qxb7 Nxd4 13. O-O-O Bxc3 14. bxc3
Rb8 15. Bxf6 gxf6 16. Qa6 Rb6 17. Qa4+ Nc6 18. Nf5 O-O 19. c4 Qb8 20. cxd5 Ne5
21. Qxe4 Rb4 22. Nd4 Rb1+ 23. Kd2 Qb4+ 24. Ke3 Qc3+ 25. Ke2 Qc4+ 26. Ke3 Qc3+
27. Ke2 Qc4+ 28. Ke3 Qc3+ 1/2-1/2

[Event "Gütersloher SV 1 - Kölner SK Dr. Lask"]
[Site "NRW-Klasse - Gruppe 2 2018/20"]
[Date "2018.12.09"]
[Round "4.2"]
[White "Ebert, Manuel"]
[Black "Nagel, Bernhard"]
[Result "1/2-1/2"]
[WhiteElo "2141"]
[BlackElo "2156"]
[PlyCount "69"]
[EventDate "2018.??.??"]
[WhiteTeam "Gütersloher SV 1"]
[BlackTeam "Kölner SK Dr. Lasker 1"]

1. Nf3 c5 2. g3 g6 3. Bg2 Nc6 4. O-O Bg7 5. c4 d6 6. Nc3 e5 7. d3 Nge7 8. Rb1
O-O 9. a3 a5 10. Ne1 Be6 11. Nc2 d5 12. cxd5 Nxd5 13. Ne3 Nce7 14. Qc2 Rc8 15.
Bd2 Nxe3 16. Bxe3 b6 17. Qd2 Bb3 18. Bh3 Rc6 19. Bh6 Nf5 20. Bxf5 gxf5 21. Bxg7
Kxg7 22. Qe3 Re8 23. Qf3 Rf6 24. Qh5 Qd7 25. f4 Rh6 26. Qf3 e4 27. dxe4 fxe4
28. Nxe4 Qd4+ 29. Nf2 Re3 30. Qg4+ Rg6 31. Qh5 Rh6 32. Qg5+ Rg6 33. Qh5 Rh6 34.
Qg5+ Rg6 35. Qh5 1/2-1/2

[Event "Gütersloher SV 1 - Kölner SK Dr. Lask"]
[Site "NRW-Klasse - Gruppe 2 2018/20"]
[Date "2018.12.09"]
[Round "4.3"]
[White "Cramer, Volker"]
[Black "Kretschmann, Michael"]
[Result "1/2-1/2"]
[WhiteElo "2148"]
[BlackElo "2075"]
[PlyCount "85"]
[EventDate "2018.??.??"]
[WhiteTeam "Kölner SK Dr. Lasker 1"]
[BlackTeam "Gütersloher SV 1"]

1. d4 g6 2. g3 Bg7 3. Bg2 d6 4. e4 Nf6 5. Ne2 O-O 6. O-O e5 7. dxe5 dxe5 8. b3
Nc6 9. Bb2 Be6 10. h3 Qc8 11. Kh2 Rd8 12. Qc1 Nd4 13. Re1 c5 14. c4 h5 15. Nbc3
h4 16. Nd5 hxg3+ 17. fxg3 Bxd5 18. exd5 Ne8 19. Nxd4 exd4 20. Qf4 Nd6 21. g4
Bf8 22. Kh1 Re8 23. Bf1 Qd7 24. Bd3 Rxe1+ 25. Rxe1 Re8 26. Qg3 Rxe1+ 27. Qxe1
Qd8 28. Bc1 Qf6 29. Qg3 b6 30. Kg2 Qe7 31. Bf4 g5 32. Bc1 Bg7 33. Qf3 Be5 34.
Bd2 Kg7 35. Bb1 Qf6 36. Qd3 Bf4 37. Be1 Qe5 38. Bf2 Kf8 39. Kf3 Ke7 40. h4 Qf6
41. hxg5 Bxg5+ 42. Kg2 Bh4 43. Qe2+ 1/2-1/2

[Event "Gütersloher SV 1 - Kölner SK Dr. Lask"]
[Site "NRW-Klasse - Gruppe 2 2018/20"]
[Date "2018.12.09"]
[Round "4.4"]
[White "Janyska, Dennis"]
[Black "Lindam, Ingo"]
[Result "0-1"]
[WhiteElo "2044"]
[BlackElo "2118"]
[PlyCount "134"]
[EventDate "2018.??.??"]
[WhiteTeam "Gütersloher SV 1"]
[BlackTeam "Kölner SK Dr. Lasker 1"]

1. Nc3 c5 2. e4 a6 3. f4 b5 4. Nf3 Bb7 5. d3 e6 6. g4 d5 7. Bg2 b4 8. Ne2 dxe4
9. Ng5 Nf6 10. Ng3 Ra7 11. N5xe4 Nxe4 12. dxe4 Qxd1+ 13. Kxd1 Nc6 14. Be3 Be7
15. a3 a5 16. e5 O-O 17. axb4 Nxe5 18. fxe5 Bxg2 19. Rg1 Bf3+ 20. Kc1 Rfa8 21.
Bxc5 Bxc5 22. bxc5 Rc7 23. Ra3 Bd5 24. Kd2 Rxc5 25. Rga1 Bg2 26. Rd3 Rb8 27.
Rg1 Bd5 28. b3 Kf8 29. Nh5 Be4 30. Rd7 Rxc2+ 31. Ke3 Bg6 32. Rgd1 Rxb3+ 33. Kd4
Rb4+ 34. Ke3 Rb3+ 35. Kd4 Rb8 36. Ke3 Rxh2 37. Nf4 Rb3+ 38. Kd4 Rb4+ 39. Ke3
Rb3+ 40. Kd4 Rb4+ 41. Ke3 Rb8 42. Ra7 Rb3+ 43. Kd4 Rhb2 44. Nxg6+ hxg6 45. Rf1
Rb7 46. Rxa5 R2b4+ 47. Kc5 Rxg4 48. Ra8+ Ke7 49. Rg8 Rc7+ 50. Kb6 Rd7 51. Rc1
Rb4+ 52. Ka6 Re4 53. Rc5 Red4 54. Rxg7 R4d5 55. Rc1 Rxe5 56. Rg1 Kf6 57. Rh7
Rf5 58. Kb6 e5 59. Kc6 Re7 60. Kd5 e4+ 61. Kd4 e3 62. Re1 e2 63. Kd3 Rd5+ 64.
Kc2 Rc7+ 65. Kb3 Rb5+ 66. Ka4 Rb2 67. Ka3 Rb8 0-1

[Event "Gütersloher SV 1 - Kölner SK Dr. Lask"]
[Site "NRW-Klasse - Gruppe 2 2018/20"]
[Date "2018.12.09"]
[Round "4.5"]
[White "Hoeren, Andreas"]
[Black "Hanhoerster, Stephan"]
[Result "1-0"]
[WhiteElo "2126"]
[BlackElo "1986"]
[PlyCount "29"]
[EventDate "2018.??.??"]
[WhiteTeam "Kölner SK Dr. Lasker 1"]
[BlackTeam "Gütersloher SV 1"]

1. d4 d5 2. Nc3 e6 3. e4 dxe4 4. Nxe4 Qd5 5. Qd3 Nc6 6. Nf3 Nf6 7. Nxf6+ gxf6
8. Bf4 Bd6 9. Bxd6 cxd6 10. Be2 Bd7 11. O-O O-O-O 12. c4 Qh5 13. d5 Ne5 14.
Nxe5 Qxe5 15. f4 1-0

[Event "Gütersloher SV 1 - Kölner SK Dr. Lask"]
[Site "NRW-Klasse - Gruppe 2 2018/20"]
[Date "2018.12.09"]
[Round "4.6"]
[White "Grochtmann, Stephan"]
[Black "Loseries, Uwe"]
[Result "1-0"]
[WhiteElo "1985"]
[BlackElo "2116"]
[PlyCount "111"]
[EventDate "2018.??.??"]
[WhiteTeam "Gütersloher SV 1"]
[BlackTeam "Kölner SK Dr. Lasker 1"]

1. e4 c6 2. Nc3 d5 3. Qf3 d4 4. Bc4 Nf6 5. e5 dxc3 6. exf6 exf6 7. Qxc3 Bd6 8.
Qe3+ Be7 9. Ne2 O-O 10. O-O Bf5 11. d3 Re8 12. Qf3 Qd7 13. h3 b5 14. Bb3 Na6
15. Nd4 Bxh3 16. Nxc6 Be6 17. Nxe7+ Qxe7 18. d4 Bc4 19. Bxc4 bxc4 20. Bd2 Qe4
21. Qxe4 Rxe4 22. Bc3 Nc7 23. Rfe1 Re6 24. Kf1 Nd5 25. Bd2 Rc6 26. c3 Rb8 27.
b4 h5 28. a4 g6 29. Re4 Kg7 30. Rb1 a6 31. Rbe1 Rb7 32. Re8 Rd7 33. Rb8 Ne7 34.
b5 axb5 35. axb5 Rcc7 36. Ra1 Rb7 37. Rxb7 Rxb7 38. Ra4 Rxb5 39. Rxc4 Rb2 40.
Ke1 g5 41. Rc7 Nf5 42. d5 h4 43. c4 g4 44. Bf4 g3 45. fxg3 hxg3 46. d6 Rxg2 47.
d7 Rg1+ 48. Kd2 g2 49. d8=Q Rd1+ 50. Kxd1 g1=Q+ 51. Kc2 Qf2+ 52. Qd2 Nd4+ 53.
Kb2 Ne2 54. Bh6+ Kg6 55. Be3 Qg3 56. Rc5 1-0

[Event "Gütersloher SV 1 - Kölner SK Dr. Lask"]
[Site "NRW-Klasse - Gruppe 2 2018/20"]
[Date "2018.12.09"]
[Round "4.7"]
[White "Diesner, Michael"]
[Black "Asani, Baskim"]
[Result "0-1"]
[WhiteElo "2074"]
[BlackElo "1901"]
[PlyCount "114"]
[EventDate "2018.??.??"]
[WhiteTeam "Kölner SK Dr. Lasker 1"]
[BlackTeam "Gütersloher SV 1"]

1. Nf3 f5 2. d3 Nf6 3. e4 d6 4. exf5 Bxf5 5. d4 e5 6. dxe5 dxe5 7. Qxd8+ Kxd8
8. Ng5 Ke8 9. Bc4 Bd6 10. c3 Ke7 11. O-O h6 12. Nf7 Re8 13. Re1 Kf8 14. Nxd6
cxd6 15. Na3 a6 16. Be3 Nc6 17. Rad1 Rad8 18. Bb6 Rd7 19. Bb3 Be6 20. Nc4 Nd5
21. f3 Nxb6 22. Nxb6 Rdd8 23. Bd5 Bxd5 24. Nxd5 Kf7 25. Rd2 g5 26. Re4 Re6 27.
h4 Ne7 28. Nc7 Rg6 29. hxg5 hxg5 30. Rb4 Rd7 31. Nd5 Nxd5 32. Rxd5 Ke6 33. Rd2
Rg8 34. Kf2 Rgg7 35. Ke3 d5 36. Rb6+ Rd6 37. Rxd6+ Kxd6 38. g3 Rh7 39. c4 d4+
40. Ke4 Rh3 41. Rg2 Ke6 42. b4 Rh1 43. f4 Re1+ 44. Kd3 Re3+ 45. Kd2 e4 46. fxg5
Rd3+ 47. Ke2 Rc3 48. Rf2 Rxg3 49. Rf6+ Ke5 50. Rb6 Rxg5 51. Rxb7 Rg2+ 52. Kd1
Rxa2 53. c5 d3 54. Ra7 e3 55. Kc1 Rc2+ 56. Kb1 e2 57. Re7+ Kd5 0-1

[Event "Gütersloher SV 1 - Kölner SK Dr. Lask"]
[Site "NRW-Klasse - Gruppe 2 2018/20"]
[Date "2018.12.09"]
[Round "4.8"]
[White "Lueckner, Andreas"]
[Black "Strohmeyer, Jochen"]
[Result "1/2-1/2"]
[WhiteElo "1961"]
[BlackElo "2139"]
[PlyCount "135"]
[EventDate "2018.??.??"]
[WhiteTeam "Gütersloher SV 1"]
[BlackTeam "Kölner SK Dr. Lasker 1"]

1. d4 Nf6 2. Nf3 d5 3. c4 g6 4. cxd5 Bg7 5. g3 O-O 6. Bg2 Nxd5 7. O-O c5 8.
dxc5 Na6 9. e4 Ndb4 10. Nc3 Nxc5 11. Be3 b6 12. Bxc5 bxc5 13. a3 Nd3 14. Qc2 c4
15. Ne1 Rb8 16. Nxd3 cxd3 17. Qd2 Ba6 18. b4 Rc8 19. Rac1 e6 20. Rfd1 Qd4 21.
Na4 Rxc1 22. Rxc1 Bb5 23. Nc5 Qb2 24. Qxb2 Bxb2 25. Rd1 Bxa3 26. Nxd3 Bxd3 27.
Rxd3 Bxb4 28. Rd7 Bc5 29. e5 Rb8 30. Bb7 a5 31. Rc7 Bd4 32. Rc8+ Rxc8 33. Bxc8
Bxe5 34. Bd7 Kf8 35. Kf1 Ke7 36. Ba4 Kd6 37. Ke2 g5 38. Kd3 g4 39. Be8 f5 40.
Ba4 Bf6 41. Ke3 Bd8 42. f4 Bb6+ 43. Ke2 h5 44. Kf1 h4 45. Kg2 Be3 46. Bb3 e5
47. fxe5+ Kxe5 48. Bd1 h3+ 49. Kh1 Bd2 50. Ba4 f4 51. gxf4+ Kxf4 52. Bd7 Bc3
53. Kg1 Bd4+ 54. Kh1 Be5 55. Kg1 Kf3 56. Bc6+ Ke3 57. Bd7 Kf4 58. Bc6 Kg5 59.
Bd7 Kh4 60. Bc6 Bxh2+ 61. Kxh2 g3+ 62. Kg1 Kg4 63. Bd7+ Kh4 64. Kh1 g2+ 65. Kh2
Kg5 66. Bxh3 Kf6 67. Bxg2 Ke5 68. Bc6 1/2-1/2

[Event "Kölner SK Dr. Lasker 1 - SVG Plettenbe"]
[Site "NRW-Klasse - Gruppe 2 2018/20"]
[Date "2019.01.13"]
[Round "5.1"]
[White "Haub, Thorsten Michael"]
[Black "Paris, Michael"]
[Result "0-1"]
[WhiteElo "2385"]
[BlackElo "2129"]
[Annotator "Daniel"]
[PlyCount "126"]
[EventDate "2019.??.??"]
[WhiteTeam "SVG Plettenberg 1"]
[BlackTeam "Kölner SK Dr. Lasker 1"]

1. g3 d5 2. Bg2 e5 3. d3 Nc6 4. Nf3 f6 5. c3 Be6 6. b4 Qd7 7. Nbd2 Bd6 8. Bb2
Nh6 9. O-O Ne7 10. e4 c6 11. d4 Nf7 12. a3 O-O 13. Qe2 Bg4 14. dxe5 fxe5 15.
Qd3 Bh3 16. Rfe1 Bxg2 17. Kxg2 Rad8 18. Rad1 Bb8 19. exd5 cxd5 20. c4 Qg4 21.
h3 Qh5 22. cxd5 Nxd5 23. Qc4 b5 24. Qg4 Qxg4 25. hxg4 Nb6 $11 26. Ne4 Nc4 27.
Bc1 Rxd1 28. Rxd1 Rd8 29. Rxd8+ Nxd8 30. Ned2 Nxd2 31. Bxd2 Nf7 32. Kf1 Kf8 33.
Ke2 Ke7 34. Nh4 Ke6 35. Nf5 g6 36. Ne3 Bc7 37. Nd1 Kd5 38. Kd3 e4+ 39. Kc2 Be5
40. Bc3 Bd4 41. Bxd4 Kxd4 42. Nc3 a6 43. Ne2+ Ke5 44. Nc1 $11 Nh6 45. Kd2 Nxg4
46. Ke2 Kd5 47. Nb3 Ne5 48. Kd2 Nc4+ 49. Kc3 Nxa3 50. Nc5 a5 51. Nd7 a4 52.
Nf6+ Ke5 53. Nxh7 Nc4 54. Nf8 g5 55. Nd7+ Kf5 56. Nc5 Nb6 57. Kd4 a3 58. Nb3
Na4 59. Nc1 Nb2 60. Na2 Nd1 61. Kc5 Nxf2 62. Kxb5 e3 63. Nc1 a2 0-1

[Event "Kölner SK Dr. Lasker 1 - SVG Plettenbe"]
[Site "NRW-Klasse - Gruppe 2 2018/20"]
[Date "2019.01.13"]
[Round "5.2"]
[White "Nagel, Bernhard"]
[Black "Bosch, Jeroen"]
[Result "1/2-1/2"]
[WhiteElo "2151"]
[BlackElo "2397"]
[PlyCount "86"]
[EventDate "2019.??.??"]
[WhiteTeam "Kölner SK Dr. Lasker 1"]
[BlackTeam "SVG Plettenberg 1"]

1. c4 d6 2. g3 g6 3. Nc3 Bg7 4. b3 c5 5. Bb2 Nc6 6. Bg2 Bd7 7. e3 h5 8. h3 Nh6
9. Nge2 Nf5 10. d3 a6 11. Qd2 Rb8 12. Nd1 e5 13. Ndc3 O-O 14. Nd5 b5 15. O-O
Nce7 16. Nec3 b4 17. Nxe7+ Nxe7 18. Ne2 Be6 19. d4 Qc7 20. dxe5 dxe5 21. Rad1
Rbd8 22. Qc1 Qc8 23. Kh2 Bf5 24. Rxd8 Rxd8 25. Rd1 a5 26. Ng1 Rd7 27. Qa1 f6
28. Bf3 Kf7 29. Qc1 Qd8 30. Rxd7 Qxd7 31. Qd1 Qd3 32. g4 hxg4 33. hxg4 Qxd1 34.
Bxd1 Bd3 35. Ne2 Nc8 36. Nc1 Be4 37. f3 Bb1 38. Kg3 Nd6 39. a4 e4 40. f4 f5 41.
Bxg7 Kxg7 42. g5 Kf7 43. Kf2 Ke6 1/2-1/2

[Event "Kölner SK Dr. Lasker 1 - SVG Plettenbe"]
[Site "NRW-Klasse - Gruppe 2 2018/20"]
[Date "2019.01.13"]
[Round "5.3"]
[White "Browning, Alex"]
[Black "Cramer, Volker"]
[Result "1-0"]
[WhiteElo "2121"]
[BlackElo "2148"]
[PlyCount "119"]
[EventDate "2019.??.??"]
[WhiteTeam "SVG Plettenberg 1"]
[BlackTeam "Kölner SK Dr. Lasker 1"]

1. e4 e6 2. d4 d5 3. Nc3 Nf6 4. Bg5 Be7 5. e5 Nfd7 6. Bxe7 Qxe7 7. f4 a6 8. Nf3
c5 9. dxc5 Nc6 10. Bd3 Nxc5 11. Qd2 b5 12. O-O b4 13. Ne2 O-O 14. Qe3 Nxd3 15.
cxd3 a5 16. Rac1 Qa7 17. Qxa7 Nxa7 18. Kf2 Ba6 19. Ke3 a4 20. Nfd4 a3 21. b3
Bb5 22. Rc7 Rfb8 23. Rfc1 Kf8 24. R1c5 Be8 25. g4 g6 26. f5 gxf5 27. gxf5 exf5
28. Rxd5 Nc8 29. Nxf5 Nb6 30. Rd6 Ra5 31. Ke4 Na8 32. Rc4 Ra7 33. Ned4 Nc7 34.
Nc6 Bxc6+ 35. Rdxc6 Ne8 36. Rc8 Raa8 37. Rxb8 Rxb8 38. Ne3 f6 39. d4 fxe5 40.
dxe5 Rb6 41. Kd5 Rh6 42. h4 Rh5 43. Rxb4 Nc7+ 44. Kc6 Ne6 45. Kd6 Ng7 46. Rf4+
Ke8 47. Ng4 Rxh4 48. Nf6+ Kd8 49. Rxh4 Nf5+ 50. Kd5 Nxh4 51. Nxh7 Nf3 52. Kd6
Nd4 53. Nf6 Nb5+ 54. Ke6 Kc7 55. Kf7 Kc6 56. e6 Kc5 57. e7 Kd4 58. Ke6 Kc3 59.
Nd5+ Kb2 60. e8=Q 1-0

[Event "Kölner SK Dr. Lasker 1 - SVG Plettenbe"]
[Site "NRW-Klasse - Gruppe 2 2018/20"]
[Date "2019.01.13"]
[Round "5.4"]
[White "Kloss, Henning"]
[Black "Klip, Hans"]
[Result "0-1"]
[WhiteElo "2142"]
[BlackElo "2255"]
[PlyCount "108"]
[EventDate "2019.??.??"]
[WhiteTeam "Kölner SK Dr. Lasker 1"]
[BlackTeam "SVG Plettenberg 1"]

1. d4 f5 2. Bg5 g6 3. Nc3 Bg7 4. h4 d6 5. e4 Nc6 6. Nge2 h6 7. Be3 e5 8. exf5
Bxf5 9. a3 Nf6 10. d5 Ne7 11. Ng3 O-O 12. Be2 c6 13. dxc6 bxc6 14. Qd2 h5 15.
O-O-O d5 16. Bc5 Rf7 17. Bxe7 Qxe7 18. Nxf5 gxf5 19. Qg5 Ng4 20. Bxg4 hxg4 21.
Qxe7 Rxe7 22. f3 g3 23. Ne2 f4 24. Kb1 Rb8 25. b3 Bf6 26. Nc1 e4 27. fxe4 dxe4
28. Rhf1 Be5 29. Rde1 Bd6 30. Rd1 Bc7 31. Ne2 Rf8 32. Rd4 f3 33. gxf3 g2 34.
Rf2 exf3 35. Rg4+ Rg7 36. Rxg7+ Kxg7 37. Ng1 Bg3 38. Rxf3 Rxf3 39. Nxf3 Bxh4
40. Kc1 Bf2 41. Kd2 Kf6 42. Ke2 g1=Q 43. Nxg1 Bxg1 44. Kd3 Ke5 45. Kc4 Kd6 46.
b4 Kc7 47. Kb3 Bh2 48. Kc4 Bd6 49. a4 Be7 50. c3 Kd6 51. Kd4 c5+ 52. Kc4 cxb4
53. cxb4 Kc6 54. b5+ Kb6 0-1

[Event "Kölner SK Dr. Lasker 1 - SVG Plettenbe"]
[Site "NRW-Klasse - Gruppe 2 2018/20"]
[Date "2019.01.13"]
[Round "5.5"]
[White "Litwak, Aleksej"]
[Black "Lindam, Ingo"]
[Result "1-0"]
[WhiteElo "2244"]
[BlackElo "2123"]
[Annotator "Daniel"]
[PlyCount "77"]
[EventDate "2019.??.??"]
[WhiteTeam "SVG Plettenberg 1"]
[BlackTeam "Kölner SK Dr. Lasker 1"]

1. e4 c5 2. Nf3 e6 3. d4 cxd4 4. Nxd4 Nc6 5. Nc3 Qc7 6. Ndb5 Qb8 7. Be3 a6 8.
Bb6 axb5 9. Nxb5 Bb4+ 10. c3 Ba5 11. Nc7+ Qxc7 12. Bxc7 Bxc7 13. Qg4 Be5 14. f4
Nf6 $11 15. Qf3 Bc7 16. Bd3 g5 17. g3 gxf4 18. gxf4 Rg8 19. e5 Nd5 20. Bxh7 Rg7
21. Be4 Nxf4 22. Qxf4 Ra4 23. O-O-O Bxe5 24. Qf3 d5 25. Bc2 Rxa2 26. Kb1 Ra5
27. Rdg1 d4 28. Rxg7 Bxg7 29. Rg1 Bf8 30. cxd4 Nxd4 31. Qc3 Nc6 32. Rg8 e5 33.
h4 Ra8 34. Be4 Ne7 35. Qxe5 Ra4 36. Rh8 Rb4 37. Kc1 Be6 38. Qg7 Rc4+ 39. Kd2
1-0

[Event "Kölner SK Dr. Lasker 1 - SVG Plettenbe"]
[Site "NRW-Klasse - Gruppe 2 2018/20"]
[Date "2019.01.13"]
[Round "5.6"]
[White "Hoeren, Andreas"]
[Black "Schulze, Marc"]
[Result "0-1"]
[WhiteElo "2126"]
[BlackElo "2212"]
[PlyCount "46"]
[EventDate "2019.??.??"]
[WhiteTeam "Kölner SK Dr. Lasker 1"]
[BlackTeam "SVG Plettenberg 1"]

1. d4 Nf6 2. Nc3 e6 3. e4 d5 4. Bg5 dxe4 5. Nxe4 Nbd7 6. Nf3 Be7 7. Nxf6+ Bxf6
8. Bxf6 Qxf6 9. Bd3 c5 10. c3 cxd4 11. Nxd4 O-O 12. O-O Nc5 13. Bxh7+ Kxh7 14.
Qh5+ Kg8 15. Qxc5 e5 16. Nf3 Re8 17. Rfe1 e4 18. Re3 Bg4 19. Rae1 Bxf3 20. gxf3
Qg6+ 21. Kf1 exf3 22. Rxe8+ Kh7 23. R1e6 fxe6 0-1

[Event "Kölner SK Dr. Lasker 1 - SVG Plettenbe"]
[Site "NRW-Klasse - Gruppe 2 2018/20"]
[Date "2019.01.13"]
[Round "5.7"]
[White "Wedda, Dries"]
[Black "Loseries, Uwe"]
[Result "0-1"]
[WhiteElo "2140"]
[BlackElo "2116"]
[PlyCount "74"]
[EventDate "2019.??.??"]
[WhiteTeam "SVG Plettenberg 1"]
[BlackTeam "Kölner SK Dr. Lasker 1"]

1. d4 Nf6 2. c4 g6 3. Nc3 Bg7 4. e4 d6 5. Nge2 O-O 6. Ng3 e5 7. d5 a5 8. Be2 h5
9. Bg5 Qe8 10. Qd2 Na6 11. O-O-O Kh7 12. Bd3 Nd7 13. Bb1 Ndc5 14. h4 Bd7 15.
Qe2 Rb8 16. Be3 Na4 17. Nb5 N6c5 18. Bc2 Bxb5 19. cxb5 Nb6 20. Rh3 f6 21. Nf1
Qd7 22. Nd2 Bh6 23. Rg1 Bxe3 24. Rxe3 c6 25. dxc6 bxc6 26. g4 hxg4 27. Reg3
cxb5 28. Rxg4 Rg8 29. f4 Qf7 30. f5 gxf5 31. exf5 Rxg4 32. Rxg4 Nd5 33. Nf3 Nf4
34. Qh2 Qc4 35. Ng5+ Kh8 36. Nf7+ Qxf7 37. h5 Qc4 0-1

[Event "Kölner SK Dr. Lasker 1 - SVG Plettenbe"]
[Site "NRW-Klasse - Gruppe 2 2018/20"]
[Date "2019.01.13"]
[Round "5.8"]
[White "Diesner, Michael"]
[Black "Pieper, Dawid"]
[Result "0-1"]
[WhiteElo "2074"]
[BlackElo "2152"]
[PlyCount "84"]
[EventDate "2019.??.??"]
[WhiteTeam "Kölner SK Dr. Lasker 1"]
[BlackTeam "SVG Plettenberg 1"]

1. Nf3 e6 2. d3 d5 3. g3 Nf6 4. Bg2 c5 5. O-O Nc6 6. Nbd2 Be7 7. e4 O-O 8. e5
Nd7 9. Re1 b5 10. Nf1 a5 11. h4 b4 12. N1h2 a4 13. Bf4 a3 14. b3 Nd4 15. Nxd4
cxd4 16. Qg4 Kh8 17. Bg5 Bxg5 18. hxg5 Qc7 19. Nf3 Qxc2 20. Nxd4 Qxd3 21. Rad1
Qg6 22. Nc6 h6 23. f4 Re8 24. Qh4 Bb7 25. Nd4 Nc5 26. Bf3 Ne4 27. Rxe4 dxe4 28.
Bh5 hxg5 29. fxg5 Qh7 30. Bxf7 Qxh4 31. gxh4 Re7 32. g6 Rd8 33. Kf2 Red7 34.
Ke3 Rxd4 35. Rxd4 Rxd4 36. Kxd4 Bd5 37. Be8 Bxb3 38. Kc5 e3 39. Bb5 Ba4 40.
Bxa4 e2 41. Kxb4 e1=Q+ 42. Kxa3 Qc3+ 0-1

[Event "SK Sodingen/Castrop 1 - Gütersloher SV"]
[Site "NRW-Klasse - Gruppe 2 2018/20"]
[Date "2019.01.13"]
[Round "5.1"]
[White "Plaßmann, Dominik"]
[Black "Waldschmidt, Georg"]
[Result "1-0"]
[WhiteElo "2153"]
[BlackElo "2183"]
[PlyCount "53"]
[EventDate "2019.??.??"]
[WhiteTeam "Gütersloher SV 1"]
[BlackTeam "SK Sodingen/Castrop 1"]

1. e4 c5 2. d4 cxd4 3. c3 Nf6 4. e5 Nd5 5. Nf3 Nc6 6. Bc4 Nb6 7. Bb3 d5 8. exd6
Qxd6 9. O-O Be6 10. Na3 dxc3 11. Bxe6 Qxd1 12. Rxd1 fxe6 13. bxc3 g6 14. Ng5
Rd8 15. Be3 Nd5 16. Nb5 Rc8 17. Nxe6 Nxe3 18. fxe3 Bh6 19. Nbc7+ Kf7 20. Rf1+
Kg8 21. Nd5 Bf8 22. Rf3 Ne5 23. Rf4 Nd3 24. Rd4 Ne5 25. Rf1 Re8 26. Rdf4 Nd7
27. Rxf8+ 1-0

[Event "SK Sodingen/Castrop 1 - Gütersloher SV"]
[Site "NRW-Klasse - Gruppe 2 2018/20"]
[Date "2019.01.13"]
[Round "5.2"]
[White "Boehnke, Martin"]
[Black "Ebert, Manuel"]
[Result "1-0"]
[WhiteElo "2163"]
[BlackElo "2141"]
[PlyCount "59"]
[EventDate "2019.??.??"]
[WhiteTeam "SK Sodingen/Castrop 1"]
[BlackTeam "Gütersloher SV 1"]

1. d4 Nf6 2. c4 g6 3. Nf3 Bg7 4. g3 O-O 5. Bg2 d6 6. O-O Nbd7 7. Nc3 e5 8. e4
c6 9. h3 Qc7 10. Be3 Re8 11. Qc2 Nb6 12. b3 exd4 13. Nxd4 d5 14. exd5 cxd5 15.
Ncb5 Qe5 16. Bf4 Qh5 17. c5 Bxh3 18. cxb6 a6 19. Nc7 Ng4 20. Nf3 Rac8 21. Rae1
Re6 22. Qd2 Rxe1 23. Rxe1 d4 24. Re8+ Rxe8 25. Nxe8 Bh8 26. Nd6 Bxg2 27. Kxg2
Qd5 28. Qe2 g5 29. Qe8+ Kg7 30. Qd7 1-0